| 000 | 00388nam a2200169Ia 4500 | ||
|---|---|---|---|
| 100 | _aAyyub/Bilal M | ||
| 650 | _aProbability | ||
| 250 | _a2 | ||
| 942 | _cBK | ||
| 366 | _f27 | ||
| 654 | _aprobability | ||
| 245 | _aProbability statistics and reliability for engineers and scientists | ||
| 260 |
_bChapman _c2003 |
||
| 082 | _bAYY | ||
| 300 | _a640 | ||
| 546 |
_aENGLISH _cproduction |
||
| 999 |
_c20915 _d20915 |
||